[Event "20th Prague Open 2022"]
[Site "Prague"]
[Date "2022.01.14"]
[Round "9.10"]
[White "Pham, Khoi"]
[Black "Van Osch, Mees"]
[Result "1/2-1/2"]
[WhiteElo "2114"]
[BlackElo "2364"]
[Annotator "TA"]
[PlyCount "140"]
[EventDate "2022.01.07"]
[EventType "swiss"]
[EventCountry "CZE"]
[SourceTitle "playchess.com"]
[Source "ChessBase"]
[SourceQuality "1"]

{[%evp 20,140,22,33,18,11,25,16,18,0,0,0,9,15,20,-14,0,0,51,34,53,50,60,80,100,82,130,0,0,0,0,0,0,-27,-20,-15,116,114,110,99,103,93,95,99,80,76,122,132,128,122,131,102,188,113,112,0,0,0,0,0,0,0,0,0,0,-27,-27,-31,0,-157,-158,-158,-158,-158,-158,-158,-158,-158,-158,-158,-158,-158,-158,-158,0,-390,-56,-429,-429,-429,-158,-158,0,-158,-158,-422,-422,-352,-273,-187,0,0,0,0,0,0,0,0,0,0,0,0,0,0,0,0,0,0,0,0,0,0,0]} 1. e4 e6 2. d4 d5 3. Nc3 Nf6 4. e5 Nfd7 5. f4 c5 6. Nf3 Nc6 7. Be3 cxd4 8. Nxd4 Bc5 9. Qd2 O-O 10. O-O-O a6 11. Nb3 Be7 {C11: French: Classical System: 4 e5 and 4 Bg5 dxe4.} 12. Bd3 {[%cal Oh2h4]} Nb4 13. Kb1 b5 {[#]} 14. g4 $146 {[%cal Oh2h4]} ({Predecessor:} 14. Be2 Qc7 15. Rhf1 Nc6 16. Bd3 Nb6 17. Bxb6 Qxb6 18. g4 {1-0 (28) Nenneman,D (2295)-Graham,O (2281) ICCF email 2019}) 14... Nxd3 15. cxd3 {[%cal Oh2h4]} Bb7 {[%cal Od5d4]} 16. Nd4 {[%cal Oh2h4]} b4 17. Nce2 a5 18. Rc1 Ra6 (18... a4 $11) 19. g5 $14 a4 {[%cal Ob4b3]} 20. h4 $1 {[%cal Bh2h4,Bh4h5][%mdl 32]} Qa5 21. h5 Nc5 {[%cal Oc5b3]} 22. Qd1 {To avoid Nb3. aiming for f5.} (22. h6 g6 23. Ng3 Nb3 $1 24. axb3 axb3 25. Nxb3 Qa2+ 26. Kc2 Ra3 $17) 22... Bc8 (22... Qd8 $142) 23. Ng3 (23. g6 $1 $16) 23... Nb3 $1 $11 24. Nc6 (24. axb3 $2 axb3 25. Nxb3 Qa2+ 26. Kc2 Ra3 $19) 24... Rxc6 25. Rxc6 {Threatens to win with h6. Really sharp!} d4 26. Bf2 {[#]} ({But not} 26. axb3 Bd7 27. Rd6 Bxd6 28. Bxd4 Bc7 $17) 26... Bb7 27. Rc4 {[#]} Bxh1 (27... Bf3 $1 $11 28. Qe1 (28. Qc2 Bxh1) 28... Qa6) 28. Nxh1 $16 Nc5 29. Bxd4 Nd7 30. Nf2 (30. h6 {keeps more tension.} Nb6 31. hxg7 Kxg7 32. Rc1 a3 33. b3) 30... Nb6 31. Bxb6 Qxb6 32. d4 (32. Ng4 {seems wilder.} b3 33. Rxa4 bxa2+ 34. Kxa2 Qb7 35. Nf2) 32... a3 ({Better is} 32... Qa6 33. Rc7 Bd8) 33. b3 $1 Qb7 {Inhibits Qf3.} 34. Qh1 {To avoid Qg2} Qxh1+ 35. Nxh1 {[%mdl 4096] Endgame KRB-KRN} f6 (35... h6 $16 {was necessary.}) 36. gxf6 ({White should play} 36. g6 $1 $18) 36... gxf6 37. Nf2 (37. Ng3 $1 $16) 37... fxe5 $11 38. dxe5 Rf5 39. Kc2 Rxh5 40. Kd3 Rh2 41. Rc2 Kf7 42. Re2 h5 {[%cal Bh7h5,Bh5h4,Bh4h3,Bh3h2][%mdl 32]} 43. Ne4 Rh1 44. Nf2 $2 (44. Nd6+ $11 Bxd6 45. exd6) 44... Rb1 $1 $17 45. Ke4 Rb2 46. Kf3 h4 {Hoping for ...Kg6.} 47. Nd3 Rxe2 48. Kxe2 {KB-KN} h3 49. Kf3 Kg6 $1 ({Don't play} 49... Bh4 50. Nxb4 Kg6 51. Nd3 $16) 50. Nf2 ({Wrong is} 50. Kg3 $2 Kf5 51. Kxh3 Ke4 $19) 50... h2 {White must now prevent ...Bh4.} 51. Kg2 Bc5 $2 ({Black should try} 51... Kf5 $17 52. Nh3 Kg4 53. Kxh2 Kf3) 52. Ne4 $2 {[%mdl 8192]} (52. Nd3 $11 Be7 53. Kxh2) 52... Bg1 $2 (52... Be3 $19 {And now ...Kf5 would win.} 53. Kxh2 Kf5 54. Nd6+ Kxf4) 53. Ng3 {[%mdl 8192]} (53. Nd6 $1 $15) 53... Be3 $19 54. Kf3 Bd2 (54... Bc1 $1 $19 {[%cal Rc1d2] and Black stays clearly on top.} 55. Nh1 Bd2) 55. Kg4 $17 Be3 {...Bf2 is the strong threat.} 56. Kf3 {To avoid Bf2} Bc1 57. Kg4 $2 (57. Nh1 $17) 57... Bd2 $19 58. Nh1 {[#]} Be1 59. Kf3 {[#]} Kf5 $2 (59... Kh5 $1 $19 {Strongly threatening ...Bh4.} 60. Ke2 Bc3) 60. Ke2 $1 $11 {The position is equal.} Kxf4 61. Kxe1 Kxe5 {KN-KP} 62. Ke2 Kd4 {( -> ...Kc3)} 63. Kd2 $1 e5 {[%cal Be6e5,Be5e4,Be4e3][%mdl 32]} 64. Ng3 e4 65. Nh1 $1 e3+ 66. Ke2 Ke4 67. Ng3+ Kf4 (67... Kd4 $5) 68. Nh1 Ke4 69. Ng3+ Kd4 (69... Kf4 $5 70. Nh1 Ke4 $11) 70. Nh1 $1 Ke4 {Black had all chances to win.  Weighted Error Value: White=0.43/Black=0.38} 1/2-1/2

[Event "20th Prague Open 2022"]
[Site "Prague"]
[Date "2022.01.14"]
[Round "9.11"]
[White "Hrabusa, Matej"]
[Black "Michalczak, Thomas"]
[Result "1-0"]
[WhiteElo "2369"]
[BlackElo "2218"]
[Annotator "TA"]
[PlyCount "73"]
[EventDate "2022.01.07"]
[EventType "swiss"]
[EventCountry "CZE"]
[SourceTitle "playchess.com"]
[Source "ChessBase"]
[SourceQuality "1"]

{[%evp 14,73,31,29,41,34,25,25,26,22,32,28,54,48,39,0,0,0,0,-5,-2,-2,200,128,304,289,379,391,379,294,288,277,267,273,287,247,246,205,260,268,282,231,213,218,213,222,214,195,212,166,176,160,172,156,188,178,187,150,1765,1764,29998,29999]} 1. e4 {Stohl,I} e5 2. Nf3 Nc6 3. Bc4 Nf6 4. Ng5 d5 5. exd5 Na5 6. Bb5+ c6 7. dxc6 bxc6 8. Bd3 Nd5 {C58: Two Knights: 4 Ng5 d5 5 exd5 Na5 sidelines.} 9. Nf3 ({Weaker is} 9. Qh5 g6 10. Nxf7 gxh5 $17) 9... Bd6 10. O-O O-O {White has an edge.} 11. Re1 $1 f5 {[#] White must now prevent ...e4. is now debated instead of 11...Re8.} 12. Nxe5 ({Reject} 12. Rxe5 Bxe5 13. Nxe5 Qf6 $11) 12... Qf6 $1 ({Not} 12... Qh4 13. Bf1 $18) 13. Nf3 {Strongly threatening Bf1.} g5 $1 14. c4 (14. g3 $14) 14... Nf4 $11 15. Bf1 {d4 is the strong threat.} g4 16. d4 gxf3 17. Qxf3 {[#]} Qxd4 $146 {White stays focused until the end.} (17... Ne6 $1 $11 {and Black is okay.}) ({Predecessor:} 17... Ne6 18. Qc3 Nb7 19. c5 Bc7 20. b4 a5 21. b5 Qxd4 22. Qxd4 Nxd4 23. Bc4+ Be6 24. Bxe6+ Nxe6 25. Rxe6 Nxc5 {0-1 (55) So,W (2770)-Carlsen,M (2862) chess24.com INT 2021 CBM 202 Extra [Stohl,I]}) 18. Rd1 Qe5 (18... Nh3+ $16 19. gxh3 Qg7+ 20. Qg2 Qxg2+ 21. Bxg2 Be5) 19. Qg3+ $18 Ng6 {Threatens to win with ...f4.} 20. Rxd6 f4 21. Rxg6+ hxg6 22. Qxg6+ Qg7 23. Qxg7+ Kxg7 24. b4 Nb7 25. Bb2+ Kg6 26. Nd2 a5 27. Nf3 axb4 28. Ne5+ Kg5 29. Nxc6 Be6 30. Nxb4 Rfc8 31. Bc1 {And now g3 would win.} Bxc4 32. g3 {aiming for Bg2.} Bxf1 33. Bxf4+ Kg4 {Hoping for ...Be2.} 34. Rxf1 Ra4 35. f3+ Kh3 $2 (35... Kf5 $16) 36. Nd3 {[%cal Rd3f2]} Rxa2 {[#]} 37. Bd2 $1 {[%mdl 512] Weighted Error Value: White=0.15 (very precise) /Black=0.50} 1-0

[Event "20th Prague Open 2022"]
[Site "Prague"]
[Date "2022.01.14"]
[Round "9.12"]
[White "Matras, Ondrej"]
[Black "Sorm, Daniel"]
[Result "1-0"]
[WhiteElo "2223"]
[BlackElo "2348"]
[Annotator "ChessBase"]
[PlyCount "140"]
[EventDate "2022.01.07"]
[EventType "swiss"]
[EventCountry "CZE"]
[SourceTitle "playchess.com"]
[Source "ChessBase"]
[SourceQuality "1"]
[TimeControl "40/5400+30:1800+30"]

1. d4 {[%emt 0:03:04]} Nf6 {[%emt 0:03:04]} 2. c4 {[%emt 0:00:20]} d6 {[%emt 0:00:40]} 3. Nc3 {[%emt 0:00:28]} Nbd7 {[%emt 0:00:07]} 4. e4 {[%emt 0:00:13]} e5 {[%emt 0:00:07]} 5. d5 {[%emt 0:00:42]} Be7 {[%emt 0:01:35]} 6. Bd3 {[%emt 0:01:59]} O-O {[%emt 0:01:50]} 7. h3 {[%emt 0:03:13]} Nc5 {[%emt 0:04:40]} 8. Bc2 {[%emt 0:00:03]} a5 {[%emt 0:03:23]} 9. Be3 {[%emt 0:00:16]} c6 {[%emt 0:04:12]} 10. dxc6 {[%emt 0:06:42]} bxc6 {[%emt 0:00:37]} 11. Bxc5 {[%emt 0:00:09]} dxc5 {[%emt 0:00:12]} 12. Qxd8 {[%emt 0:00:08]} Rxd8 {[%emt 0:00:18]} 13. Nf3 {[%emt 0:00:17]} Nd7 {[%emt 0:11:07]} 14. O-O-O {[%emt 0:02:35]} Ba6 {[%emt 0:08:40]} 15. b3 {[%emt 0:00:59]} f6 {[%emt 0:01:16]} 16. Na4 {[%emt 0:00:23]} Nf8 {[%emt 0:00:38]} 17. Rxd8 {[%emt 0:00:26]} Rxd8 {[%emt 0:00:17]} 18. Rd1 {[%emt 0:00:14]} Rb8 {[%emt 0:04:23]} 19. Ne1 {[%emt 0:03:49]} Kf7 {[%emt 0:03:07]} 20. Nd3 {[%emt 0:01:54]} Ne6 {[%emt 0:00:10]} 21. Rf1 {[%emt 0:00:41]} Bd6 {[%emt 0:03:00]} 22. Bd1 {[%emt 0:01:45]} Bc8 {[%emt 0:06:06]} 23. Bg4 {[%emt 0:03:17]} Nf4 {[%emt 0:00:31]} 24. Nxf4 {[%emt 0:01:16]} Bxg4 {[%emt 0:02:01]} 25. hxg4 {[%emt 0:00:52]} exf4 {[%emt 0:00:05]} 26. Rd1 {[%emt 0:02:05]} Ke6 {[%emt 0:01:04]} 27. f3 {[%emt 0:05:32]} Rh8 {[%emt 0:04:41]} 28. Rh1 {[%emt 0:00:48]} g6 {[%emt 0:00:27]} 29. Nb2 {[%emt 0:05:27]} h5 {[%emt 0:02:13]} 30. gxh5 {[%emt 0:00:35]} gxh5 {[%emt 0:00:17]} 31. Nd3 {[%emt 0:00:51]} h4 {[%emt 0:04:11]} 32. Kb2 {[%emt 0:27:18]} Kd7 {[%emt 0:02:18]} 33. Ka3 {[%emt 0:05:02]} Kc7 {[%emt 0:05:14]} 34. Ka4 {[%emt 0:00:23]} Rg8 {[%emt 0:17:13]} 35. Rxh4 {[%emt 0:02:43]} Rxg2 {[%emt 0:00:07]} 36. a3 {[%emt 0:00:08]} Rg3 {[%emt 0:04:23]} 37. Nxf4 {[%emt 0:03:28]} Rxf3 {[%emt 0:00:05]} 38. Rh7+ {[%emt 0:00:51]} Kb6 {[%emt 0:00:24]} 39. Ne6 {[%emt 0:00:28]} Re3 {[%emt 0:02:50]} 40. Rd7 {[%emt 0:00:41]} Be5 {[%emt 0:02:07]} 41. Nd8 {[%emt 0:20:24]} Bc7 {[%emt 0:12:13]} 42. Ne6 {[%emt 0:00:03]} Be5 {[%emt 0:00:08]} 43. Nd8 {[%emt 0:01:34]} Rxe4 {[%emt 0:07:01]} 44. Rb7+ {[%emt 0:00:11]} Ka6 {[%emt 0:00:07]} 45. Rf7 {[%emt 0:00:12]} Re1 {[%emt 0:07:47]} 46. Nxc6 {[%emt 0:05:48]} Bc3 {[%emt 0:00:22]} 47. Ne7 {[%emt 0:04:36]} Be5 {[%emt 0:06:04]} 48. Nc8 {[%emt 0:00:01]} Bb8 {[%emt 0:00:03]} 49. Rxf6+ {[%emt 0:00:48]} Kb7 {[%emt 0:00:20]} 50. Nb6 {[%emt 0:01:02]} Ra1 {[%emt 0:01:06]} 51. Kb5 {[%emt 0:02:28]} Kc7 {[%emt 0:00:37]} 52. Rc6+ {[%emt 0:06:25]} Kb7 {[%emt 0:00:14]} 53. Re6 {[%emt 0:01:36]} Kc7 {[%emt 0:00:25]} 54. Ka4 {[%emt 0:06:19]} Kd8 {[%emt 0:00:45]} 55. Nd5 {[%emt 0:00:47]} Bg3 {[%emt 0:00:25]} 56. Rg6 {[%emt 0:01:36]} Be5 {[%emt 0:00:26]} 57. Kb5 {[%emt 0:00:39]} Rxa3 {[%emt 0:00:32]} 58. Kc6 {[%emt 0:00:11]} Ke8 {[%emt 0:00:40]} 59. Re6+ {[%emt 0:00:02]} Kf7 {[%emt 0:00:02]} 60. Rxe5 {[%emt 0:00:21]} Rxb3 {[%emt 0:00:04]} 61. Kxc5 {[%emt 0:00:17]} a4 {[%emt 0:00:12]} 62. Re7+ {[%emt 0:00:53]} Kg6 {[%emt 0:00:12]} 63. Ra7 {[%emt 0:00:21]} a3 {[%emt 0:00:07]} 64. Kd6 {[%emt 0:00:18]} Kf5 {[%emt 0:00:23]} 65. c5 {[%emt 0:00:34]} Ke4 {[%emt 0:00:06]} 66. c6 {[%emt 0:00:19]} Rd3 {[%emt 0:00:12]} 67. Ra4+ {[%emt 0:00:09]} Rd4 {[%emt 0:00:23]} 68. Rxd4+ {[%emt 0:00:19]} Kxd4 {[%emt 0:00:02]} 69. c7 {[%emt 0:00:08]} a2 {[%emt 0:00:11]} 70. c8=Q {[%emt 0:00:08]} a1=B {[%emt 0:00:12]} 1-0

[Event "20th Prague Open 2022"]
[Site "Prague"]
[Date "2022.01.14"]
[Round "9.13"]
[White "Jordanov, Mihail"]
[Black "Lim, Zhuo Ren"]
[Result "1/2-1/2"]
[WhiteElo "2193"]
[BlackElo "2311"]
[Annotator "TA"]
[PlyCount "71"]
[EventDate "2022.01.07"]
[EventType "swiss"]
[EventCountry "CZE"]
[SourceTitle "playchess.com"]
[Source "ChessBase"]
[SourceQuality "1"]

{[%evp 9,71,14,13,10,17,24,18,6,21,0,0,0,2,-9,29,29,32,12,21,-14,-4,-10,-18,-13,15,21,17,10,24,20,10,14,61,0,0,0,14,14,74,-6,-3,-11,25,16,82,92,113,113,120,110,155,177,210,201,225,0,0,0,0,0,0,0,0,-518]} 1. e4 c5 2. Nf3 d6 3. d4 cxd4 4. Qxd4 Nc6 5. Qe3 g6 6. Be2 {B53: Sicilian: 2...d6: Lines with Qxd4.} Bg7 7. O-O Nf6 8. h3 O-O 9. Rd1 Be6 10. Ng5 Bd7 11. c4 {[#]} a6 $146 ({Predecessor:} 11... Nb4 12. Qb3 Na6 13. Nc3 Bc6 14. e5 Ne8 15. Nf3 Qa5 16. Bg5 f6 17. c5+ Kh8 18. Bxa6 Bxf3 19. gxf3 Qxa6 20. exd6 exd6 {1-0 (49) Ozalp,H-Mollamustafaoglu,O ICCF email 2013}) 12. Nc3 b5 13. cxb5 Nb4 14. Rb1 {And now a3 would win.} axb5 15. e5 dxe5 16. Bxb5 Qc7 {...Bf5 is the strong threat.} 17. Bxd7 Nxd7 18. a3 Nc2 19. Qe4 Nd4 20. Nd5 Qd6 {[#]} (20... Qd8 $1 $11 {deserves consideration.} 21. Nxe7+ (21. Qh4 h6 $15) 21... Qxe7 22. Rxd4 Nc5) 21. Nxe7+ $1 Qxe7 $11 22. Rxd4 $1 $40 {[%mdl 128] White has some attack.} Nc5 {Inhibits Ra4.} 23. Qe3 ({Don't play} 23. Qh4 h6 24. Rd5 (24. Nf3 $2 Bf6 $19) 24... hxg5 25. Bxg5 Qa7 $17) 23... Nb3 {[#]} 24. Rd5 ({Better is} 24. Rb4 $1 $16 Na5 25. Rb5) 24... Qb7 25. Rd3 Rfb8 26. Bd2 Nxd2 (26... Nd4 $11 {keeps the balance.}) 27. Qxd2 $16 {Black must now prevent Rd7.} Bh6 {[#]} 28. h4 $1 {[%cal Bh3h4,Bh4g5][%mdl 32]} Ra7 29. b4 Qa8 (29... Qe7 $142) 30. Qa2 {White is more active.} Bxg5 31. hxg5 Qe4 32. Qd2 (32. Re3 $18 Qf4 33. Qe2) 32... Rxa3 $1 $11 {The position is equal.} 33. Rd8+ Kg7 34. Rxb8 $4 {[%mdl 8192]} (34. Rd1 $11 {and White has nothing to worry.} Rxd8 35. Qxd8) 34... Qxb1+ $19 35. Kh2 {Threatening mate with Qd8.} Qe4 {( -> ...Qh4+)} (35... Ra1 $2 36. Qc3 Qf5 37. Qxa1 $18) 36. Rg8+ {[%mdl 32768] Weighted Error Value: White=0.18 (very precise) /Black=0.18 (very precise) . An unexpected result.} 1/2-1/2

[Event "20th Prague Open 2022"]
[Site "Prague"]
[Date "2022.01.14"]
[Round "9.14"]
[White "Acor, Corey"]
[Black "Ronce, Nathan"]
[Result "1-0"]
[WhiteElo "2303"]
[BlackElo "2171"]
[Annotator "TA"]
[PlyCount "63"]
[EventDate "2022.01.07"]
[EventType "swiss"]
[EventCountry "CZE"]
[SourceTitle "playchess.com"]
[Source "ChessBase"]
[SourceQuality "1"]

{[%evp 14,63,10,-4,0,1,68,31,48,12,14,16,12,0,0,0,0,0,0,-49,0,0,17,23,20,5,83,59,50,60,52,54,83,68,73,73,380,166,146,152,164,154,257,228,310,318,339,336,378,381,362,339]} 1. e4 c5 2. Nc3 d6 3. g3 Nc6 4. Bg2 g6 5. d3 Bg7 6. Be3 Rb8 7. Nge2 Nd4 8. O-O b5 {B26: Closed Sicilian: 3 g3, lines with early Be3.} 9. b4 {White wants to play a4.} e6 (9... Bg4 $1 $11) 10. Rb1 {[#]} Ne7 $146 {White is slightly better.} ({Predecessor:} 10... Bd7 11. f4 Ne7 12. Qd2 Bc6 13. e5 Bxg2 14. Kxg2 dxe5 15. bxc5 Nxe2 16. Nxe2 Qd5+ {0-1 (32) Tornes Rosquet,I (1558)-Casamayor Ferrer,M (1609) Artemisa 2018}) 11. f4 Nxe2+ 12. Nxe2 cxb4 13. Bxa7 Ra8 14. Be3 Rxa2 15. Rxb4 Bd7 16. Bd4 (16. Nd4 $11 {feels stronger.}) 16... e5 (16... Bxd4+ $15 17. Nxd4 Nc6 18. Nxc6 Bxc6) 17. fxe5 $11 dxe5 18. Qb1 Ra8 19. Be3 Rc8 {Inhibits Nc3.} (19... Qc7 $11) 20. c4 Bg4 $1 21. Nc3 $40 {[%cal Be2c3,Bc3d5,Bd5e7][%mdl 160] Strongly threatening Nd5. White is up to no good.} bxc4 22. dxc4 {[#] aiming for h3.} Nc6 23. Rb7 O-O 24. Nd5 {White is much more active.} Nd4 $2 {[%mdl 8192] This costs Black the game.} (24... Rb8 $16 {is a better chance.}) 25. Bxd4 (25. Ne7+ $142 Kh8 26. Nxc8 Bxc8 27. Rbxf7) 25... exd4 $18 26. Ne7+ Kh8 27. Nxc8 Bxc8 (27... d3 $16) 28. Rbxf7 Rxf7 29. Rxf7 d3 {[#]} 30. Rf3 $1 Qd4+ 31. Kh1 Qxc4 32. Qxd3 {Weighted Error Value: White=0.18 (very precise) /Black=0.46} ({Resist} 32. Rxd3 h6 33. Rd1 Be6 $18) 1-0

[Event "20th Prague Open 2022"]
[Site "Prague"]
[Date "2022.01.14"]
[Round "9.15"]
[White "Macicek, Jakub"]
[Black "Grutter, Tim"]
[Result "0-1"]
[WhiteElo "2250"]
[BlackElo "2194"]
[Annotator "TA"]
[PlyCount "74"]
[EventDate "2022.01.07"]
[EventType "swiss"]
[EventCountry "CZE"]
[SourceTitle "playchess.com"]
[Source "ChessBase"]
[SourceQuality "1"]

{[%evp 20,73,43,27,64,45,51,43,76,60,83,42,45,29,33,22,60,69,74,74,90,1,13,-29,-39,-25,0,-88,-73,-81,-12,-16,-12,-29,-28,-146,-5,-180,0,0,0,-289,-300,-296,-283,-284,-166,-160,-158,-242,-35,-1159,-1084,-29995,-29996,-29999]} 1. d4 Nf6 2. c4 g6 3. Nc3 Bg7 4. e4 d6 5. f3 O-O 6. Be3 c5 7. Nge2 Nc6 8. d5 Ne5 9. Ng3 e6 10. Be2 exd5 11. cxd5 Re8 {A65: Modern Benoni: 6 e4.} 12. O-O a6 13. a4 Rb8 {White is slightly better.} 14. Qd2 Qa5 {[#]} 15. Qc2 $146 ({White should play} 15. Rfb1 $16) ({Predecessor:} 15. h3 Qb4 16. f4 Nc4 17. Bxc4 Qxc4 18. e5 dxe5 19. fxe5 Nd7 20. Qf2 Nxe5 21. Nge4 Rf8 22. Bxc5 Nd3 23. Qh4 {1-0 (23) Sowray,P (2331)-Doran,C (2002) Ascot 2014}) 15... h5 $14 16. Nh1 Nh7 17. Nf2 g5 18. f4 gxf4 19. Bxf4 Qd8 20. Nfd1 (20. Kh1 $16) 20... Ng6 $1 $11 21. Bg3 (21. Bd2 {might be stronger.}) 21... h4 22. Bf2 Qg5 23. Ne3 (23. Kh1 $11) 23... Nf4 $17 24. Kh1 {[%cal Of2h4]} Bd4 {Black is more active.} (24... Nxe2 $17 25. Qxe2 Bxc3 26. bxc3 Rxe4) 25. Bf3 $1 $11 b5 {Inhibits Nc4.} 26. axb5 axb5 27. Nf5 (27. Ned1 $11) 27... Bxf2 (27... Bxf5 $17 28. exf5 Bxf2 29. Rxf2 Nf6) 28. Qxf2 $2 (28. Nxd6 $11 {and White is okay.} Bd4 29. Nxe8) 28... b4 $2 (28... Bxf5 $19 29. exf5 Nf6) 29. Nxd6 bxc3 30. Nxe8 $4 {[%mdl 8192]} (30. bxc3 $11 {and White stays safe.} Rd8 31. Nxc8) 30... cxb2 $19 31. Rab1 {Threatens to win with Be2.} Ba6 {[%csl LRe8,LRf1] To avoid Be2. Chess con chili.} 32. Rfd1 Rxe8 (32... Nd3 $142 $1 {[%cal Rd3f2]} 33. Qc2 Qe3) 33. Qxb2 Be2 {[%cal Oh7f6] Strongly threatening ...Nf6!} 34. Rg1 {[#]} (34. Rd2 $17 Nd3 35. Qa2 Nf2+ 36. Kg1 Bxf3 37. Rxf2 Bxe4 38. d6) 34... h3 $2 35. Qc3 $2 {[%mdl 8192] [#]} (35. Qd2 $15) 35... Nd3 $1 {[%cal Rd3f2]} 36. Rgf1 {Prevents Nf2+.} (36. Rbf1 Bxf1) 36... Bxf3 37. gxf3 Qg2# {Weighted Error Value: White=0.86/Black=0.46} 0-1

[Event "20th Prague Open 2022"]
[Site "Prague"]
[Date "2022.01.14"]
[Round "9.16"]
[White "Bomans, Arno"]
[Black "Schouten, Mathias Lind"]
[Result "1/2-1/2"]
[WhiteElo "2246"]
[BlackElo "2165"]
[Annotator "TA"]
[PlyCount "97"]
[EventDate "2022.01.07"]
[EventType "swiss"]
[EventCountry "CZE"]
[SourceTitle "playchess.com"]
[Source "ChessBase"]
[SourceQuality "1"]

{[%evp 25,97,0,40,-20,-25,-58,16,-29,-21,-16,0,-20,28,32,56,51,46,45,72,31,88,56,59,61,29,40,72,10,20,20,11,-35,-33,-38,-31,-20,0,0,0,0,39,0,97,101,102,114,135,132,120,124,155,124,175,57,122,0,86,77,118,42,190,50,289,183,146,43,124,43,82,0,0,0,83,0]} 1. d4 d5 2. c4 e6 3. Nc3 Nf6 4. cxd5 exd5 5. Bg5 c6 6. e3 Be7 7. Qc2 h6 8. Bf4 O-O 9. h3 Bd6 10. Bxd6 Qxd6 11. Bd3 Re8 12. Nf3 Nbd7 13. O-O-O Qe7 14. Nd2 {[#] D36: Queen's Gambit Declined: Exchange Variation: Main line (5 Bg5 c6 6 Qc2).} (14. Rhg1 $14) 14... b5 $146 ({Predecessor:} 14... Nf8 15. g4 Be6 16. Rdg1 Rec8 17. g5 hxg5 18. Rxg5 N8h7 19. Rg2 Kh8 20. Rhg1 Rg8 21. Nf3 Rac8 {1-0 (29) Rowson,J (2574)-Tommasini,E (2161) Porto Mannu 2013}) 15. Kb1 Nb6 (15... a5 $1 $15) 16. Rhe1 (16. Rhg1 $142) 16... Nc4 17. Ka1 Bd7 18. Nb3 Nd6 (18... a5 $142) 19. Nc5 $11 Nde4 20. N3xe4 dxe4 21. Bf1 Bf5 22. Rc1 {White is more active.} (22. f4 $1 $16) 22... Rac8 (22... Nd5 $14) 23. g4 Bg6 24. Qd2 Nd5 25. Rc2 Qc7 26. Na6 (26. Rec1 $16) 26... Qb6 27. Nb4 {[%cal Ba6b4,Bb4c2,Bc2e1,Be1g2,Bg2h4][%mdl 32]} Ne7 {Hoping for ...a5.} 28. Rc5 (28. a3 $11 {feels stronger.}) 28... a5 $15 29. Nc2 Red8 {[%cal Ob6c5] Strongly threatening ...Qxc5!} 30. Rd1 Rd6 31. Ne1 Rcd8 {[%cal Ob6c5] ...Qxc5! is the strong threat.} 32. Rdc1 Nd5 33. Qc2 Re8 (33... Nb4 $11 34. Qc3 Rf6) 34. a3 $16 {[%cal Rc5c6]} ({Of course not} 34. Rxc6 Nb4 $1 35. Rxb6 Nxc2+ 36. Nxc2 Rxb6 $15) 34... Ree6 35. Ng2 $1 Rf6 {To avoid Nf4} 36. Nh4 b4 37. Nxg6 fxg6 38. Bg2 b3 (38... Qa7 $16 {was called for.}) 39. Qc4 ({Much less strong is} 39. Qxe4 Rxf2 40. h4 (40. Rxc6 Rxc6 41. Qe8+ Kh7 $11) 40... Rff6 $16) (39. Qe2 $18) 39... Rde6 (39... Rxf2 $14 40. Bxe4 Kh7) 40. Rf1 (40. h4 $1 $16) 40... Kh7 (40... g5 $11 {remains equal.}) 41. h4 Rf7 (41... Rf8 $142) 42. g5 (42. h5 $1 $16 {[%cal Rh5g6]} gxh5 43. gxh5) 42... Rf8 (42... h5 $1 $14) 43. Kb1 (43. Bh3 $18 Rd6 44. Bg2) 43... Rf7 $2 (43... h5 $1 $14) 44. Bh3 Rd6 45. Bg4 ({White should try} 45. f4 $16) 45... a4 {[#]} (45... Rf8 $14) 46. Be2 ({White should play} 46. Bh3 $1 $16) 46... Ra7 47. Rc1 {[%cal Rc5c6]} Rf7 48. Rf1 Ra7 {[#]} 49. Rc1 {Weighted Error Value: White=0.38/Black=0.44} ({Better is} 49. gxh6 $1 $16 gxh6 50. Qc1) 1/2-1/2

[Event "20th Prague Open 2022"]
[Site "Prague"]
[Date "2022.01.14"]
[Round "9.17"]
[White "Nielsen, Andre"]
[Black "Oye-Stromberg, Alexander"]
[Result "1/2-1/2"]
[WhiteElo "2232"]
[BlackElo "2238"]
[Annotator "TA"]
[PlyCount "70"]
[EventDate "2022.01.07"]
[EventType "swiss"]
[EventCountry "CZE"]
[SourceTitle "playchess.com"]
[Source "ChessBase"]
[SourceQuality "1"]

{[%evp 10,70,43,31,42,22,48,38,31,20,26,25,14,6,11,-8,60,57,48,50,41,31,34,18,5,0,0,0,0,0,0,0,6,-38,-22,-60,0,0,0,0,0,0,0,-12,-22,-21,-9,-14,-19,-34,-13,-14,-15,-15,0,0,0,0,0,-16,-16,-37,-25]} 1. e4 e5 2. Nf3 Nc6 3. Bc4 Nf6 4. d3 h6 5. O-O d6 6. c3 g5 $1 {[%mdl 4] is now more promising than 6...g6. C55: Two Knights: 4 d3, 4 d4 exd4 5 e5 and Max Lange Attack.} 7. Nbd2 {[%cal Bb1d2,Bd2c4,Bc4e3,Be3f5][%mdl 32]} Bg7 8. Bb3 O-O {White is slightly better.} 9. Nc4 Be6 10. Re1 a5 {[#]} 11. Ne3 $146 ({Predecessor:} 11. a4 Qd7 12. Ne3 d5 13. Qc2 Rad8 14. h3 Kh8 15. Ra3 Rfe8 16. Bd2 Bf8 17. Raa1 {1-0 (26) Wang,J (2467)-Stearman,J (2435) Charlotte 2021}) 11... d5 12. Qc2 Qd7 (12... b5 $11) 13. Ba4 $1 $14 {[%cal Of3e5] aiming for Nxe5!} Qd6 14. exd5 Bxd5 15. Bxc6 (15. Nf5 {is interesting.} Qd7 16. Rxe5 Bxf3 17. gxf3 Nd5 18. Nxg7 Kxg7 19. d4) 15... bxc6 16. Nf5 {[%csl LRd6,LRe5]} Qd7 17. Nxg7 Bxf3 18. gxf3 {[%cal Od3d4]} Kxg7 19. Rxe5 Rfe8 20. d4 {[%cal Oh2h4]} Qh3 21. Be3 (21. Qe2 $11 {is superior.}) 21... Qxf3 {[#] White must now prevent ...Ng4.} 22. Qf5 Qg4+ (22... Qxf5 $1 $15 23. Rxf5 Nd5) 23. Qxg4 $11 Nxg4 24. Rc5 {[%cal Oe3g5]} Re6 25. Re1 a4 26. d5 cxd5 27. Bd4+ Kg6 28. Rxe6+ fxe6 {[%cal Bf7e6,Be6e5,Be5d4][%mdl 32]} 29. Rxc7 {[%mdl 4096] Endgame KRB-KRN} e5 30. h3 exd4 31. hxg4 d3 {[#] And now ...d2 would win.} 32. Rd7 Ra5 {...d2 is the strong threat.} 33. Kf1 Rb5 34. Ke1 Rxb2 35. Rxd5 Re2+ {Weighted Error Value: White=0.08 (flawless) /Black=0.10 (very precise)} 1/2-1/2